[Event "Regionalliga NO 0910"]
[White "Blodig, Stefan"]
[Black "Staeblein, Christoph"]
[Site "Bayern"]
[Round "7.4"]
[Result "0-1"]
[Date "2010.02.28"]
[WhiteElo "2051"]
[BlackElo "2110"]
[PlyCount "48"]
[EventDate "2009.10.18"]
[EventType "team-tourn"]
[EventRounds "9"]
[EventCountry "GER"]
[SourceTitle "EXT 2011"]
[Source "ChessBase"]
[SourceDate "2010.11.26"]
[SourceVersion "1"]
[SourceVersionDate "2010.11.26"]
[SourceQuality "1"]
[WhiteTeam "Dietfurt"]
[BlackTeam "Forchheim II"]
[WhiteTeamCountry "GER"]
[BlackTeamCountry "GER"]

1. e4 e6 2. d4 d5 3. e5 c5 4. c3 Nc6 5. Nf3 Qb6 6. a3 Nh6 7. b4 cxd4 8. cxd4 Nf5 9. Be3 Bd7 10. Nc3 Nxe3 11. fxe3 Nxb4 12. axb4 Bxb4 13. Qb3 Rc8 14. Rc1 Qa5 15. Kd2 0-0 16. Bd3 f6 17. exf6 gxf6 18. Rhf1 Rc7 19. Ng1 Rfc8 20. Nge2 Kg7 21. Rf4 Ba4 22. Qb2 Be8 23. Qa1 Qxa1 24. Rxa1 Rxc3 0-1

[Event "Regionalliga NO 0910"]
[White "Blodig, Stefan"]
[Black "Klimpel, Thomas"]
[Site "Bayern"]
[Round "5.4"]
[Result "1/2-1/2"]
[Date "2010.01.24"]
[WhiteElo "2051"]
[BlackElo "2127"]
[PlyCount "120"]
[EventDate "2009.10.18"]
[EventType "team-tourn"]
[EventRounds "9"]
[EventCountry "GER"]
[SourceTitle "EXT 2011"]
[Source "ChessBase"]
[SourceDate "2010.11.26"]
[SourceVersion "1"]
[SourceVersionDate "2010.11.26"]
[SourceQuality "1"]
[WhiteTeam "Dietfurt"]
[BlackTeam "Kareth Lappersdorf"]
[WhiteTeamCountry "GER"]
[BlackTeamCountry "GER"]

1. e4 e5 2. Nf3 Nc6 3. d4 exd4 4. Nxd4 Nf6 5. Nxc6 bxc6 6. e5 Qe7 7. Qe2 Nd5 8. c4 Ba6 9. b3 0-0-0 10. Bb2 Qg5 11. g3 Bb4+ 12. Nd2 Nc3 13. f4 Qg6 14. Qe3 Ne4 15. Bc1 Nxd2 16. Bxd2 Bxd2+ 17. Kxd2 d6 18. Bd3 dxe5 19. Kc2 exf4 20. Bxg6 fxe3 21. Bxf7 Rd2+ 22. Kc3 Rhd8 23. Be6+ Kb8 24. Bf5 Bc8 25. Bxh7 Bg4 26. Be4 Bd1 27. Re1 e2 28. a3 a5 29. Rc1 g5 30. b4 a4 31. Bc2 g4 32. c5 Ka7 33. Be4 Ka6 34. Bf5 Ka7 35. Bb1 Ka6 36. Bf5 Ka7 37. Bb1 Ka6 38. Bf5 Ra2 39. Bd3+ Kb7 40. Bc2 Bxc2 41. Rxc2 Rxa3+ 42. Kb2 Rdd3 43. Rexe2 Rdb3+ 44. Kc1 Ra1+ 45. Kd2 Rxb4 46. Kd3 Rd1+ 47. Ke3 Rdd4 48. Rf2 Rdc4 49. Rxc4 Rxc4 50. Kd3 Rxc5 51. Rf4 Ra5 52. Rxg4 Kb6 53. Rf4 a3 54. Rf1 Rb5 55. Ra1 Rb2 56. Rxa3 Rxh2 57. Kc4 c5 58. Rf3 Rg2 59. Rf6+ c6 60. Rf3 Rc2+ 1/2-1/2

[Event "Regionalliga NO 0910"]
[White "Laubert, Johannes"]
[Black "Blodig, Stefan"]
[Site "Bayern"]
[Round "4.4"]
[Result "1/2-1/2"]
[Date "2009.12.13"]
[WhiteElo "1980"]
[BlackElo "2051"]
[PlyCount "85"]
[EventDate "2009.10.18"]
[EventType "team-tourn"]
[EventRounds "9"]
[EventCountry "GER"]
[SourceTitle "EXT 2011"]
[Source "ChessBase"]
[SourceDate "2010.11.26"]
[SourceVersion "1"]
[SourceVersionDate "2010.11.26"]
[SourceQuality "1"]
[WhiteTeam "Windischeschenbach"]
[BlackTeam "Dietfurt"]
[WhiteTeamCountry "GER"]
[BlackTeamCountry "GER"]

1. d4 d5 2. c4 e6 3. Nc3 c5 4. cxd5 exd5 5. dxc5 Nf6 6. Be3 Na6 7. Qa4+ Bd7 8. Qa3 Qc8 9. Rd1 Nxc5 10. Nxd5 Nxd5 11. Rxd5 Na6 12. Qd3 Bb4+ 13. Kd1 Be7 14. a3 Nc7 15. Rh5 Ba4+ 16. Ke1 Qg4 17. Rxh7 Rxh7 18. Qxh7 0-0-0 19. Bd2 Rxd2 20. Kxd2 Qd4+ 21. Qd3 Qxb2+ 22. Ke3 Bg5+ 23. f4 Qc1+ 24. Kf2 Qxf4+ 25. Nf3 Be7 26. g3 Qf6 27. Bh3+ Ne6 28. Rc1+ Bc6 29. Bxe6+ fxe6 30. a4 e5 31. e4 g5 32. Kg2 g4 33. Nd2 Qh6 34. Rc4 Bg5 35. Nb3 Be3 36. Na5 Bd4 37. Nxc6 bxc6 38. Rxd4 exd4 39. Qxd4 Qh3+ 40. Kg1 Qh6 41. Kg2 Qh3+ 42. Kg1 Qh6 43. Kg2 1/2-1/2

[Event "Regionalliga NO 0910"]
[White "Blodig, Stefan"]
[Black "Martin Fernandez, Rodrigo"]
[Site "Bayern"]
[Round "1.4"]
[Result "1-0"]
[Date "2009.10.18"]
[WhiteElo "2051"]
[BlackElo "2070"]
[PlyCount "133"]
[EventDate "2009.10.18"]
[EventType "team-tourn"]
[EventRounds "9"]
[EventCountry "GER"]
[SourceTitle "EXT 2011"]
[Source "ChessBase"]
[SourceDate "2010.11.26"]
[SourceVersion "1"]
[SourceVersionDate "2010.11.26"]
[SourceQuality "1"]
[WhiteTeam "Dietfurt"]
[BlackTeam "Erlangen"]
[WhiteTeamCountry "GER"]
[BlackTeamCountry "GER"]

1. e4 c5 2. c3 d5 3. exd5 Qxd5 4. d4 Nf6 5. Nf3 e6 6. Bd3 Be7 7. 0-0 0-0 8. dxc5 Qxc5 9. Be3 Qc7 10. Qc2 Nbd7 11. b4 b6 12. Nbd2 Bb7 13. Rac1 Rac8 14. a3 h6 15. c4 Rfd8 16. Rfe1 Ng4 17. Bd4 Bg5 18. Bh7+ Kh8 19. Be4 Bxe4 20. Rxe4 Ndf6 21. Bxf6 Nxf6 22. Nxg5 hxg5 23. Re3 Kg8 24. Ne4 Nxe4 25. Rxe4 Qd6 26. h4 gxh4 27. Rxh4 Qd3 28. c5 Qxa3 29. Qh7+ Kf8 30. Rhc4 Qb2 31. c6 Ke7 32. c7 Rd4 33. R4c2 Qxb4 34. Qxg7 Rg4 35. Qh6 Qf4 36. Qh3 Kf6 37. Rd1 Rgg8 38. Rc3 Ke7 39. Rf3 Qg4 40. Qh2 Qb4 41. Rfd3 Qc5 42. Rd8 Qb4 43. Qe5 Qa4 44. Qd6+ Kf6 45. Rxg8 Rxg8 46. Qd8+ Kf5 47. c8Q Qxd1+ 48. Qxd1 Rxc8 49. Qd7 Rc1+ 50. Kh2 Kf6 51. Qxa7 Rb1 52. Qa2 Rb5 53. g4 Rg5 54. Kg3 b5 55. f4 Rd5 56. Qa3 Kg7 57. g5 Kg8 58. Kg4 Rf5 59. Qd6 Rd5 60. Qe7 Rf5 61. Qc7 Kg7 62. Kh5 Rd5 63. Qc3+ Kf8 64. Kh6 Rf5 65. Qc8+ Ke7 66. Qc7+ Kf8 67. Qd8# 1-0

[Event "Landesliga Nord 0405"]
[White "Blodig, Stefan"]
[Black "Reiser, Wolfgang"]
[Site "Bayern"]
[Round "1.7"]
[Result "1/2-1/2"]
[Date "2004.10.24"]
[WhiteElo "2085"]
[BlackElo "2038"]
[PlyCount "120"]
[EventDate "2004.10.24"]
[EventType "team-tourn"]
[EventRounds "9"]
[EventCountry "GER"]
[SourceTitle "EXT 2008"]
[Source "ChessBase"]
[SourceDate "2007.11.25"]
[SourceVersion "1"]
[SourceVersionDate "2007.11.25"]
[SourceQuality "1"]
[WhiteTeam "Regensburg Fortuna II"]
[BlackTeam "Nuernberg NT II"]
[WhiteTeamCountry "GER"]
[BlackTeamCountry "GER"]

1. e4 e5 2. Nf3 Nc6 3. d4 exd4 4. Nxd4 Nf6 5. Nxc6 bxc6 6. e5 Qe7 7. Qe2 Nd5 8. c4 Ba6 9. b3 0-0-0 10. Qb2 Nb6 11. Be2 Re8 12. Be3 Bb7 13. a4 a5 14. c5 Nd5 15. Bd4 f6 16. exf6 gxf6 17. Kf1 Rg8 18. b4 Nxb4 19. Nc3 Bh6 20. Rb1 Qe6 21. g3 Qh3+ 22. Kg1 f5 23. Bf1 Qg4 24. Na2 Bg7 25. Bxg7 Qxg7 26. Qb3 Qd4 27. Nxb4 Qxb4 28. Qc2 Qd4 29. Bc4 Rg4 30. Qb3 Qxc4 31. Qxb7+ Kd8 32. Qb8+ Ke7 33. Qxc7 Qxc5 34. h3 Rxa4 35. Kg2 Re4 36. Rhd1 Rd4 37. Re1+ Kf7 38. Rxe8 Kxe8 39. Rb8+ Kf7 40. Qd8 Ke6 41. Qg8+ Kd6 42. Qf8+ Kd5 43. Qxf5+ Kd6 44. Qf6+ Kc7 45. Qd8+ Kd6 46. Rb2 Qe5 47. Qf8+ Kd5 48. Qg8+ Qe6 49. Qa8 Qe4+ 50. Kh2 Qe1 51. Qg8+ Kd6 52. Qxh7 Rd1 53. Qh6+ Kd5 54. Qg5+ Kc4 55. Qf4+ Kd5 56. Qf5+ Kd6 57. Qf4+ Kd5 58. Qf3+ Kd6 59. Qf4+ Kd5 60. Qf3+ Kd6 1/2-1/2

[Event "Landesliga Nord 0304"]
[White "Blodig, Stefan"]
[Black "Burggraf, Michael"]
[Site "Bayern"]
[Round "7.6"]
[Result "0-1"]
[Date "2004.03.07"]
[WhiteElo "2095"]
[BlackElo "2082"]
[PlyCount "82"]
[EventDate "2003.10.??"]
[EventType "team-tourn"]
[EventRounds "9"]
[EventCountry "GER"]
[SourceTitle "EXT 2006"]
[Source "ChessBase"]
[SourceDate "2005.11.24"]
[SourceVersion "1"]
[SourceVersionDate "2005.11.24"]
[SourceQuality "1"]
[WhiteTeam "Regensburg Fortuna II"]
[BlackTeam "Forchheim II"]
[WhiteTeamCountry "GER"]
[BlackTeamCountry "GER"]

1. e4 c5 2. c3 g6 3. d4 cxd4 4. cxd4 Bg7 5. Nf3 d6 6. Bc4 Nf6 7. Nc3 0-0 8. 0-0 Nc6 9. h3 b6 10. Be3 Bb7 11. a3 Nxe4 12. Bxf7+ Rxf7 13. Nxe4 h6 14. Qd3 Qc8 15. Nh4 Ba6 16. Qb3 Na5 17. Qa4 Bxf1 18. Rxf1 g5 19. Nf3 Qb7 20. Qc2 Rc8 21. Qd3 Qd5 22. b4 Nc4 23. Rc1 b5 24. Nc3 Qf5 25. Qf1 Nxa3 26. Ne2 Rxc1 27. Bxc1 Qd3 28. Bxa3 Qxa3 29. Qb1 a5 30. bxa5 Qxa5 31. Ng3 b4 32. Nh5 Qa3 33. Nxg7 Kxg7 34. h4 g4 35. Nd2 Qc3 36. Nb3 g3 37. fxg3 Qxg3 38. Qc2 Qe1+ 39. Kh2 Qxh4+ 40. Kg1 Qe1+ 41. Kh2 Rf4 0-1

[Event "Landesliga Nord 0304"]
[White "Auer, Guenther"]
[Black "Blodig, Stefan"]
[Site "Bayern"]
[Round "5.7"]
[Result "1-0"]
[Date "2004.01.18"]
[WhiteElo "1957"]
[BlackElo "2095"]
[PlyCount "75"]
[EventDate "2003.10.??"]
[EventType "team-tourn"]
[EventRounds "9"]
[EventCountry "GER"]
[SourceTitle "EXT 2006"]
[Source "ChessBase"]
[SourceDate "2005.11.24"]
[SourceVersion "1"]
[SourceVersionDate "2005.11.24"]
[SourceQuality "1"]
[WhiteTeam "Asittenbach"]
[BlackTeam "Regensburg Fortuna II"]
[WhiteTeamCountry "GER"]
[BlackTeamCountry "GER"]

1. d4 d5 2. Nf3 c5 3. c3 Nc6 4. e3 Nf6 5. Bd3 Bg4 6. Nbd2 e5 7. dxe5 Nxe5 8. Bb5+ Nc6 9. Qa4 Bd7 10. Qc2 Bd6 11. 0-0 0-0 12. e4 dxe4 13. Nxe4 Nxe4 14. Qxe4 Re8 15. Qd3 Bg4 16. Ng5 g6 17. f3 Bf5 18. Qc4 Qc7 19. Qh4 f6 20. Bc4+ Kf8 21. Nxh7+ Ke7 22. Nxf6 Bxh2+ 23. Kh1 Rh8 24. Nd5+ Kd7 25. Qxh8 Rxh8 26. Nxc7 Kxc7 27. g4 Bd7 28. Kg2 Bd6 29. Bd3 Ne5 30. Be4 Nc4 31. Rh1 Rf8 32. Rh7 Ne5 33. b3 Kc8 34. Be3 Re8 35. Rd1 Kc7 36. Bf4 g5 37. Bxe5 Rxe5 38. Bf5 1-0

[Event "Regionalliga NO 0203"]
[White "Firla, Erwin"]
[Black "Blodig, Stefan"]
[Site "Bayern"]
[Round "7.7"]
[Result "1-0"]
[Date "2003.02.23"]
[WhiteElo "1981"]
[BlackElo "2082"]
[PlyCount "69"]
[EventDate "2002.10.20"]
[EventType "team-tourn"]
[EventRounds "9"]
[EventCountry "GER"]
[SourceTitle "EXT 2004"]
[Source "ChessBase"]
[SourceDate "2003.11.25"]
[SourceVersion "1"]
[SourceVersionDate "2003.11.25"]
[SourceQuality "1"]
[WhiteTeam "Postbauer Heng"]
[BlackTeam "Regensburg Fortuna II"]
[WhiteTeamCountry "GER"]
[BlackTeamCountry "GER"]

1. e4 e5 2. Nf3 Nf6 3. Nxe5 d6 4. Nf3 Nxe4 5. Qe2 Qe7 6. d3 Nf6 7. Bg5 Be6 8. Nc3 h6 9. Bh4 Nbd7 10. 0-0-0 g5 11. Bg3 Nb6 12. Nd4 0-0-0 13. Re1 Re8 14. f4 Qd7 15. fxg5 hxg5 16. Nxe6 Rxe6 17. Qd1 Nfd5 18. Nxd5 Nxd5 19. Rxe6 Qxe6 20. Qe2 Qd7 21. Qe4 Nb6 22. Qd4 Rg8 23. Be2 Bg7 24. Qb4 Qe6 25. Bg4 f5 26. Re1 Qd5 27. Bf3 Qxa2 28. Re7 Nd5 29. Rxc7+ Nxc7 30. Bxb7+ Kd7 31. Qxd6+ Ke8 32. Qxc7 Bxb2+ 33. Kd2 Rg7 34. Bc6+ Kf8 35. Qd8+ 1-0

[Event "Regionalliga NO 0203"]
[White "Blodig, Stefan"]
[Black "Woerle, Heinrich"]
[Site "Bayern"]
[Round "2.7"]
[Result "1/2-1/2"]
[Date "2002.11.17"]
[WhiteElo "2082"]
[BlackElo "1901"]
[PlyCount "90"]
[EventDate "2002.10.20"]
[EventType "team-tourn"]
[EventRounds "9"]
[EventCountry "GER"]
[SourceTitle "EXT 2004"]
[Source "ChessBase"]
[SourceDate "2003.11.25"]
[SourceVersion "1"]
[SourceVersionDate "2003.11.25"]
[SourceQuality "1"]
[WhiteTeam "Regensburg Fortuna II"]
[BlackTeam "Gunzenhausen"]
[WhiteTeamCountry "GER"]
[BlackTeamCountry "GER"]

1. e4 c6 2. d4 d5 3. e5 Bf5 4. h4 h5 5. Nf3 e6 6. c4 dxc4 7. Bxc4 Nd7 8. Nc3 Nb6 9. Be2 Ne7 10. Bg5 Qd7 11. Qb3 Ned5 12. Nd2 f6 13. exf6 gxf6 14. Be3 Bd6 15. Nce4 0-0-0 16. 0-0-0 Qe7 17. a4 Nxe3 18. fxe3 Bg4 19. Bf3 Bb4 20. Nc4 Nd5 21. Nc3 b5 22. axb5 Bxc3 23. bxc3 Bxf3 24. gxf3 cxb5 25. Qxb5 Nxc3 26. Qc6+ Kb8 27. Rd2 Rd7 28. Nd6 Na4 29. Qxa4 Qxd6 30. Rb2+ Ka8 31. Kd2 Rc8 32. Rhb1 Rdc7 33. Qb3 Rg7 34. Qb5 Rg2+ 35. Kd3 Rxb2 36. Qxb2 Qc6 37. e4 f5 38. Qb5 fxe4+ 39. fxe4 Qc3+ 40. Ke2 Qc2+ 41. Ke3 Qc3+ 42. Ke2 Qc7 43. d5 Qh2+ 44. Kd3 Qg3+ 45. Ke2 Qg2+ 1/2-1/2

[Event "Regionalliga NO 0203"]
[White "Blodig, Stefan"]
[Black "Hanisch, Friedrich"]
[Site "Bayern"]
[Round "1.8"]
[Result "1-0"]
[Date "2002.10.20"]
[WhiteElo "2082"]
[BlackElo "2084"]
[PlyCount "89"]
[EventDate "2002.10.20"]
[EventType "team-tourn"]
[EventRounds "9"]
[EventCountry "GER"]
[SourceTitle "EXT 2004"]
[Source "ChessBase"]
[SourceDate "2003.11.25"]
[SourceVersion "1"]
[SourceVersionDate "2003.11.25"]
[SourceQuality "1"]
[WhiteTeam "Regensburg Fortuna II"]
[BlackTeam "Altensittenbach"]
[WhiteTeamCountry "GER"]
[BlackTeamCountry "GER"]

1. e4 c5 2. c3 d5 3. exd5 Qxd5 4. d4 g6 5. Nf3 Bg7 6. Be2 Nf6 7. 0-0 0-0 8. dxc5 Qxc5 9. Be3 Qc7 10. Na3 a6 11. Nc4 Nbd7 12. a4 b6 13. Qd4 Nh5 14. Qh4 Bf6 15. Bg5 Bb7 16. Ne3 Ne5 17. Nd4 Bxg5 18. Qxg5 Ng7 19. f4 Nd7 20. f5 Nf6 21. Rf4 Rac8 22. Rh4 Rfd8 23. Ng4 Rxd4 24. Nh6+ Kf8 25. Rxd4 Qe5 26. Qd2 Ne4 27. Rd8+ Ne8 28. Qd4 Qxd4+ 29. Rxd4 Kg7 30. Ng4 gxf5 31. Ne5 N8d6 32. Nc4 Nxc4 33. Rxc4 Kf6 34. Rxc8 Bxc8 35. Rd1 Nd6 36. Kf2 a5 37. Ke3 Ke5 38. g3 Bd7 39. b3 Be6 40. b4 axb4 41. cxb4 Bb3 42. Ra1 Kd5 43. a5 bxa5 44. bxa5 Nc8 45. Rc1 1-0

[Event "Regionalliga NO 0102"]
[White "Halama, Dirk"]
[Black "Blodig, Stefan"]
[Site "Bayern"]
[Round "8.7"]
[Result "0-1"]
[Date "2002.04.14"]
[WhiteElo "1785"]
[BlackElo "2050"]
[PlyCount "48"]
[EventDate "2001.10.07"]
[EventType "team-tourn"]
[EventRounds "9"]
[EventCountry "GER"]
[SourceTitle "EXT 2003"]
[Source "ChessBase"]
[SourceDate "2002.11.25"]
[SourceVersion "1"]
[SourceVersionDate "2002.11.25"]
[SourceQuality "1"]
[WhiteTeam "Nuernberg II"]
[BlackTeam "Regensburg II"]
[WhiteTeamCountry "GER"]
[BlackTeamCountry "GER"]

1. d4 d5 2. c4 e6 3. Nc3 c5 4. cxd5 exd5 5. Nf3 Nc6 6. h3 Nf6 7. e3 c4 8. Be2 Bd6 9. Bd2 a6 10. g4 h6 11. Nh4 g6 12. Bf3 Nb4 13. b3 Ne4 14. Nxe4 dxe4 15. Nxg6 Nd3+ 16. Kf1 fxg6 17. Bxe4 0-0 18. Bxd3 cxd3 19. Be1 Bd7 20. a4 Qf6 21. Qxd3 Rac8 22. Rd1 Kh7 23. Qe4 Rce8 24. Qd3 Qf3 0-1

[Event "Regionalliga NO 0102"]
[White "Seibert, Volker"]
[Black "Blodig, Stefan"]
[Site "Bayern"]
[Round "7.6"]
[Result "0-1"]
[Date "2002.03.17"]
[WhiteElo "1860"]
[BlackElo "2050"]
[PlyCount "50"]
[EventDate "2001.10.07"]
[EventType "team-tourn"]
[EventRounds "9"]
[EventCountry "GER"]
[SourceTitle "EXT 2003"]
[Source "ChessBase"]
[SourceDate "2002.11.25"]
[SourceVersion "1"]
[SourceVersionDate "2002.11.25"]
[SourceQuality "1"]
[WhiteTeam "Postbauer Heng"]
[BlackTeam "Regensburg II"]
[WhiteTeamCountry "GER"]
[BlackTeamCountry "GER"]

1. d4 d5 2. c4 e6 3. Nf3 c5 4. cxd5 exd5 5. g3 Nc6 6. Bg2 Nf6 7. 0-0 Be7 8. Nc3 0-0 9. Bg5 Re8 10. dxc5 d4 11. Na4 Bg4 12. h3 Bh5 13. Rc1 h6 14. Bxf6 Bxf6 15. Re1 Qa5 16. b3 Rad8 17. a3 Qc7 18. Nb2 g5 19. Nd3 Bg6 20. Qd2 Ne7 21. e3 Nc6 22. exd4 Rxe1+ 23. Rxe1 Nxd4 24. Nxd4 Bxd4 25. Rd1 Bxd3 0-1

[Event "Regionalliga NO 0102"]
[White "Hein, Manfred"]
[Black "Blodig, Stefan"]
[Site "Bayern"]
[Round "2.7"]
[Result "0-1"]
[Date "2001.11.11"]
[WhiteElo "2065"]
[BlackElo "2050"]
[PlyCount "118"]
[EventDate "2001.10.07"]
[EventType "team-tourn"]
[EventRounds "9"]
[EventCountry "GER"]
[SourceTitle "EXT 2003"]
[Source "ChessBase"]
[SourceDate "2002.11.25"]
[SourceVersion "1"]
[SourceVersionDate "2002.11.25"]
[SourceQuality "1"]
[WhiteTeam "Gunzenhausen"]
[BlackTeam "Regensburg II"]
[WhiteTeamCountry "GER"]
[BlackTeamCountry "GER"]

1. e4 e5 2. Nf3 Nf6 3. Nc3 Nc6 4. Bb5 Nd4 5. Ba4 Nxf3+ 6. Qxf3 Bc5 7. d3 c6 8. Bg5 d6 9. 0-0 Bd7 10. Bb3 Qe7 11. Na4 Bb4 12. a3 Ba5 13. c4 h6 14. Bxf6 Qxf6 15. Qxf6 gxf6 16. c5 b5 17. cxb6 axb6 18. Bd1 b5 19. Nc3 Bb6 20. Bf3 Ke7 21. Ne2 Be6 22. Rac1 Rhc8 23. h3 Ra4 24. Bg4 Rc7 25. Bxe6 fxe6 26. Nc3 Ra8 27. Rc2 d5 28. Rfc1 Kd6 29. Kf1 f5 30. f3 f4 31. Ke2 Rg8 32. Kf1 Ra8 33. Ke2 Rac8 34. Nd1 Bd4 35. Kf1 Rb8 36. Ra1 Ra7 37. Rac1 Rb6 38. Ke2 Rg7 39. Kf1 Ra7 40. Ke2 Raa6 41. Nf2 h5 42. h4 b4 43. axb4 Rxb4 44. Nd1 Rab6 45. Ra1 Bxb2 46. Ra8 Bd4 47. Rd8+ Ke7 48. Rh8 Rb1 49. Rxh5 Ra1 50. exd5 Rbb1 51. Rh7+ Kf8 52. Rd2 exd5 53. g3 fxg3 54. Rh8+ Kf7 55. Rh7+ Kg6 56. Rc7 g2 57. Rxc6+ Kf5 58. Rc8 g1Q 59. Rf8+ Ke6 0-1

[Event "Oberpfalz-ch M1"]
[White "Blodig, Stefan"]
[Black "Wiesgickl, Gerhard"]
[Site "Germany"]
[Round "1"]
[Result "1-0"]
[Date "2001.04.07"]
[WhiteElo "2148"]
[BlackElo "2215"]
[PlyCount "97"]
[EventDate "2001.04.??"]
[EventType "swiss"]
[EventRounds "8"]
[EventCountry "GER"]
[SourceTitle "EXT 2005"]
[Source "ChessBase"]
[SourceDate "2004.11.15"]
[SourceVersion "1"]
[SourceVersionDate "2004.11.15"]
[SourceQuality "1"]

1. e4 c5 2. c3 d5 3. exd5 Qxd5 4. d4 Nc6 5. Be3 Nf6 6. c4 Qd8 7. d5 Nd4 8. Bxd4 cxd4 9. Qxd4 g6 10. Nc3 Bg7 11. Be2 0-0 12. Nf3 Bf5 13. Qd1 Ng4 14. 0-0 h5 15. Qb3 a5 16. Rad1 Qd6 17. h3 Nh6 18. Na4 Qf4 19. Rfe1 Bf6 20. a3 g5 21. Qe3 Qxe3 22. fxe3 Bc2 23. Nb6 Bxd1 24. Rxd1 Rad8 25. b4 axb4 26. axb4 g4 27. Nd4 gxh3 28. gxh3 Kh8 29. Bxh5 Rg8+ 30. Kf2 Bh4+ 31. Ke2 Rg3 32. Bg4 Nxg4 33. hxg4 Rxg4 34. Rh1 Kg8 35. Nf5 Rg2+ 36. Kf3 Rf2+ 37. Ke4 Bg5 38. Rg1 f6 39. Nd4 Kf7 40. Rh1 Rg8 41. c5 f5+ 42. Nxf5 Rb2 43. Kd3 Rxb4 44. e4 Rg6 45. Rh7+ Kf8 46. Nd7+ Ke8 47. Ne5 Rg8 48. Ng7+ Rxg7 49. Rh8+ 1-0

[Event "Regionalliga NO 0001"]
[White "Uschold, Jens"]
[Black "Blodig, Stefan"]
[Site "Bayern"]
[Round "7"]
[Result "1-0"]
[Date "2001.03.11"]
[WhiteElo "2120"]
[BlackElo "2025"]
[PlyCount "129"]
[EventDate "2000.10.15"]
[EventType "team-tourn"]
[EventRounds "9"]
[EventCountry "GER"]
[SourceTitle "EXT 2020"]
[Source "ChessBase"]
[SourceDate "2019.10.17"]
[SourceVersion "1"]
[SourceVersionDate "2019.10.17"]
[SourceQuality "1"]
[WhiteTeam "Nuernberg Noris Tarrasch II"]
[BlackTeam "Regensburg Fortuna II"]
[WhiteTeamCountry "GER"]
[BlackTeamCountry "GER"]

1. e4 e5 2. Bc4 Nf6 3. d4 Nc6 4. Nf3 exd4 5. e5 d5 6. Bb5 Ne4 7. Nxd4 Bd7 8. Bxc6 bxc6 9. 0-0 Be7 10. f3 Ng5 11. f4 Ne4 12. f5 c5 13. Ne2 Bc6 14. Nbc3 d4 15. Nxe4 Bxe4 16. Ng3 Bc6 17. f6 Qd5 18. Qe2 Bf8 19. fxg7 Bxg7 20. Nh5 0-0-0 21. Nxg7 Rhg8 22. Bh6 Rde8 23. Rf6 Bb7 24. Re1 Rxe5 25. Qg4+ Kb8 26. Rxe5 Qxe5 27. Qf5 Qe2 28. Qf1 Qxc2 29. Rxf7 a6 30. h3 d3 31. Rf2 Qc4 32. Rf8+ Rxf8 33. Qxf8+ Ka7 34. Qf4 Qc2 35. Qd2 Qc4 36. b3 Qd4+ 37. Kh2 Ka8 38. Nh5 Qd6+ 39. Ng3 Qd5 40. Bf4 c4 41. bxc4 Qxc4 42. Kg1 Bd5 43. Nf1 Bb7 44. Qf2 Qc6 45. Be3 Qe8 46. Qf5 Qg8 47. Qg5 Qe8 48. Qc5 Kb8 49. Qa7+ Kc8 50. Qd4 Qf7 51. a3 Qg6 52. Qg4+ Qxg4 53. hxg4 Kd7 54. Kf2 Ke6 55. Bc1 Kd5 56. Nd2 Ke5 57. Nf3+ Kf6 58. Bb2+ Kg6 59. Ke3 h5 60. gxh5+ Kxh5 61. Be5 c5 62. Kxd3 Bd5 63. Ne1 Kg4 64. Bd6 c4+ 65. Kd4 1-0

[Event "Regionalliga NO 9900"]
[White "Blodig, Stefan"]
[Black "Kustar, Sandor"]
[Site "Bayern"]
[Round "4.1"]
[Result "0-1"]
[Date "2000.??.??"]
[WhiteElo "2080"]
[BlackElo "2420"]
[PlyCount "80"]
[EventDate "1999.??.??"]
[EventType "team-tourn"]
[EventRounds "9"]
[EventCountry "GER"]
[SourceTitle "EXT 2020"]
[Source "ChessBase"]
[SourceDate "2019.10.17"]
[SourceVersion "1"]
[SourceVersionDate "2019.10.17"]
[SourceQuality "1"]
[WhiteTeam "Regensburg Fortuna II"]
[BlackTeam "Schwabach"]
[WhiteTeamCountry "GER"]
[BlackTeamCountry "GER"]

1. e4 c5 2. Nf3 e6 3. d4 cxd4 4. Nxd4 a6 5. c4 Nf6 6. Nc3 Bb4 7. Bd3 Nc6 8. Nxc6 dxc6 9. 0-0 e5 10. Bg5 h6 11. Bh4 Be6 12. Qe2 Be7 13. Qc2 Nd7 14. Bg3 0-0 15. f3 Re8 16. Rfd1 Qc7 17. Bf2 Rec8 18. Rac1 Nc5 19. Bf1 a5 20. Be3 Bd7 21. Qf2 b6 22. g3 Rd8 23. Kh1 Be8 24. f4 Rxd1 25. Rxd1 exf4 26. gxf4 Rb8 27. e5 Bd7 28. Bg2 Bg4 29. Rd2 Bf5 30. Qf3 Rc8 31. Qd1 Bf8 32. Bf3 Re8 33. Bg4 Qc8 34. Bxf5 Qxf5 35. Qf3 Rxe5 36. Qg3 Re6 37. Rd8 Ne4 38. Qf3 Nxc3 39. bxc3 Qb1+ 40. Rd1 Rxe3 0-1

[Event "Ceske Budejovice op"]
[White "Blodig, Stefan"]
[Black "Mazur, David"]
[Site "Ceske Budejovice"]
[Round "9"]
[Result "1-0"]
[Date "2000.??.??"]
[WhiteElo "2135"]
[BlackElo "1965"]
[PlyCount "85"]
[EventDate "2000.??.??"]
[EventType "swiss"]
[EventRounds "9"]
[EventCountry "CZE"]
[SourceTitle "EXT 2003"]
[Source "ChessBase"]
[SourceDate "2002.11.25"]
[SourceVersion "1"]
[SourceVersionDate "2002.11.25"]
[SourceQuality "1"]

1. e4 e5 2. Nf3 Nc6 3. d4 exd4 4. Nxd4 Nf6 5. Nxc6 bxc6 6. e5 Qe7 7. Qe2 Nd5 8. c4 Nb6 9. Nd2 Bb7 10. b3 a5 11. a4 Qe6 12. Bb2 g6 13. Qe3 c5 14. Nf3 Bxf3 15. gxf3 Be7 16. f4 0-0 17. Bh3 f5 18. 0-0 d5 19. cxd5 Nxd5 20. Qf3 Rab8 21. Rfd1 Nb6 22. Bf1 g5 23. Rd3 g4 24. Qd1 Rfd8 25. Rc1 Rxd3 26. Qxd3 Rd8 27. Qc2 Kg7 28. Rd1 Rxd1 29. Qxd1 Nd5 30. Bc4 c6 31. Qd2 Bd8 32. Bc3 Qh6 33. Bxd5 cxd5 34. Qxd5 Qxf4 35. Qxd8 Qc1+ 36. Kg2 Qxc3 37. Qd7+ Kg6 38. e6 Kg5 39. e7 f4 40. Qd5+ Kh4 41. Qe4 Qxb3 42. e8Q f3+ 43. Kg1 1-0

[Event "Regionalliga NO 9900"]
[White "Blodig, Stefan"]
[Black "Schatz, Christian"]
[Site "Bayern"]
[Round "9.1"]
[Result "0-1"]
[Date "2000.??.??"]
[WhiteElo "2080"]
[BlackElo "1970"]
[PlyCount "74"]
[EventDate "1999.??.??"]
[EventType "team-tourn"]
[EventRounds "9"]
[EventCountry "GER"]
[SourceTitle "EXT 2020"]
[Source "ChessBase"]
[SourceDate "2019.10.17"]
[SourceVersion "1"]
[SourceVersionDate "2019.10.17"]
[SourceQuality "1"]
[WhiteTeam "Regensburg Fortuna II"]
[BlackTeam "Gunzenhausen"]
[WhiteTeamCountry "GER"]
[BlackTeamCountry "GER"]

1. e4 g6 2. d4 Bg7 3. Nf3 d6 4. Nc3 Nd7 5. Be3 e6 6. Qd2 h6 7. 0-0-0 Ne7 8. Be2 a6 9. Ne1 b5 10. f4 Bb7 11. Bf3 Nf6 12. Nd3 Qd7 13. g4 a5 14. Qg2 b4 15. Nb1 Qa4 16. f5 gxf5 17. exf5 Bxf3 18. Qxf3 Qc6 19. Qe2 exf5 20. gxf5 Kf8 21. Rdf1 Re8 22. Rhg1 Rh7 23. Qf2 Qe4 24. Rg3 Ned5 25. Nd2 Qh4 26. Bf4 Nh5 27. Nf3 Qf6 28. Bd2 Nxg3 29. hxg3 Qxf5 30. g4 Qf6 31. g5 hxg5 32. Bxg5 Bh6 33. Kd1 Bxg5 34. Qg2 Ne3+ 35. Kd2 Nxg2+ 36. Nxg5 Qxg5+ 37. Kd1 Ne3+ 0-1